Statistiken für Länder, die Japan besiegen

Klicken Sie hier um das Quiz zu spielen!

Allgemein

  • Dieses Quiz wurde 120 mal gespielt
  • Das Durchschnittsergebnis liegt bei 9 aus 19

Antwortstatistiken

RangKategorieLänder% Korrekt
4Größte Volkswirtschaft (PPP)China, USA, Indien
98%
8Die meisten Todesfälle durch Erdbeben im 21. JahrhundertIndonesien, Haiti, China, ...
91%
3Die meisten aktiven VulkaneUSA, Indonesien
77%
2Die meisten Michelin-Sterne-RestaurantsFrankreich
66%
4Empfang der meisten chinesischen TouristenSüdkorea, Thailand, Taiwan
66%
2Die größte StahlproduktionChina
60%
3Die meisten Leute,die einen Marathon in weniger als 2:10 laufenKenia, Äthiopien
52%
2Höchster Leistungsbilanzsaldo (Exporte minus Importe)Deutschland
46%
3Am wenigsten ethnische VielfaltNordkorea, Südkorea
44%
7Niedrigste FettleibigkeitVietnam, Bangladesch, Osttimor, ...
40%
11Niedrigste GeburtenrateSingapur, Taiwan, Südkorea ...
36%
6Am wenigsten religiösSchweden, Norwegen, Estland, ...
35%
3Die meisten tropischen WirbelstürmeChina, Philippinen
33%
2Weißeste FlaggeZypern
27%
4Niedrigste Mordrate seit 2000Vatikanstadt, San Marino, Andorra
22%
3% der Bevölkerung in einem Stadtgebiet von mehr als 1 Million MenschenSingapur, Kuwait
21%
3Höchste weibliche Bevölkerung minus männliche BevölkerungRussland, USA
20%
2Höchste LebenserwartungMonaco
18%
2Ältestes DurchschnittsalterMonaco
17%

Verteilung der Resultate

Perzentil nach korrekt beantworteten Fragen

Anzahl Personen mit jedem Resultat

Ihre Resultats-Entwicklung

Sie haben dieses Quiz noch nicht gespielt